De la España romántica : lances y aventuras de un general prusiano, (1837-1848) / (Record no. 12473)
[ view plain ]
| 000 -LEADER | |
|---|---|
| campo de control de longitud fija | 01205nam a2200313 4500 |
| 001 - NÚMERO DE CONTROL | |
| campo de control | 12473 |
| 003 - IDENTIFICADOR DE NÚMERO DE CONTROL | |
| campo de control | ES-MaACL |
| 005 - FECHA Y HORA DE LA ÚLTIMA TRANSACCIÓN | |
| campo de control | 20251120063120.0 |
| 007 - CAMPO FIJO DE DESCRIPCIÓN FÍSICA--INFORMACIÓN GENERAL | |
| campo de control de longitud fija | t| |
| 008 - DATOS DE LONGITUD FIJA--INFORMACIÓN GENERAL | |
| campo de control de longitud fija | 000000s19850000sp a ||||0|bspa d |
| 016 7# - NÚMERO DE CONTROL DE UNA AGENCIA BIBLIOGRÁFICA NACIONAL | |
| Número de control cancelado/no válido | IBH8705214165 |
| 020 ## - NÚMERO INTERNACIONAL ESTÁNDAR DEL LIBRO | |
| Número Internacional Estándar del Libro | 84-235-0705-X |
| 040 ## - FUENTE DE CATALOGACIÓN | |
| Centro catalogador/agencia de origen | IBH |
| Lengua de catalogación | spa |
| Centro/agencia transcriptor | M-BN-DP |
| 080 ## - NÚMERO DE LA CLASIFICACIÓN DECIMAL UNIVERSAL | |
| Número de la Clasificación Decimal Universal | 92 Lichnowsky, Felix Maria Vincenz Andreas, Fürst |
| 080 ## - NÚMERO DE LA CLASIFICACIÓN DECIMAL UNIVERSAL | |
| Número de la Clasificación Decimal Universal | 946"1833/40" |
| 100 1# - ENTRADA PRINCIPAL--NOMBRE DE PERSONA | |
| Nombre de persona | Burgo, Jaime del, |
| Fechas asociadas al nombre | 1912-2005 |
| 9 (RLIN) | 32641 |
| 245 10 - MENCIÓN DEL TÍTULO | |
| Título | De la España romántica : lances y aventuras de un general prusiano, (1837-1848) / |
| Mención de responsabilidad, etc. | Jaime del Burgo. |
| 260 ## - PUBLICACIÓN, DISTRIBUCIÓN, ETC. | |
| Lugar de publicación, distribución, etc. | Pamplona : |
| Nombre del editor, distribuidor, etc. | Gobierno de Navarra, Departamento de Educación y Cultura : Institución Príncipe de Viana, |
| Fecha de publicación, distribución, etc. | 1985. |
| 300 ## - DESCRIPCIÓN FÍSICA | |
| Extensión | 214 p : |
| Otras características físicas | il ; |
| Dimensiones | 24 cm. |
| 490 1# - MENCIÓN DE SERIE | |
| Mención de serie | Serie Historia. 47 |
| 500 ## - NOTA GENERAL | |
| Nota general | Indices. |
| 600 14 - PUNTO DE ACCESO ADICIONAL DE MATERIA--NOMBRE DE PERSONA | |
| Nombre de persona | Lichnowsky, Felix Maria Vincenz Andreas |
| Títulos y otros términos asociados al nombre | Fürst. |
| 9 (RLIN) | 72179 |
| 651 #4 - PUNTO DE ACCESO ADICIONAL DE MATERIA--NOMBRE GEOGRÁFICO | |
| Nombre geográfico | España- |
| Subdivisión general | Historia- |
| Subdivisión cronológica | 1833-1840, Guerra carlista |
| 9 (RLIN) | 8250 |
| 710 1# - ENTRADA AGREGADA--NOMBRE DE ENTIDAD CORPORATIVA | |
| Nombre de entidad corporativa o nombre de jurisdicción como elemento de entrada | Navarra (Comunidad Autónoma). |
| Unidad subordinada | Departamento de Educación y Cultura. |
| 9 (RLIN) | 5980 |
| 710 2# - ENTRADA AGREGADA--NOMBRE DE ENTIDAD CORPORATIVA | |
| Nombre de entidad corporativa o nombre de jurisdicción como elemento de entrada | Institución Príncipe de Viana |
| 9 (RLIN) | 4730 |
| 830 0# - PUNTO DE ACCESO ADICIONAL DE SERIE-TÍTULO UNIFORME | |
| Título uniforme | Serie Historia. 47 |
| 9 (RLIN) | 228303 |
| 852 ## - LOCALIZACIÓN | |
| Ubicación | ES-MaACL |
| Número de control de estantería | L-19692 |
| Sublocalización o colección | R.119315 |
| Estatus retirado | Estado de pérdida | Estado de daño | No para préstamo | Biblioteca de origen | Biblioteca actual | Ubicación en estantería | Fecha de adquisición | Fuente de adquisición | Total de préstamos | Signatura topográfica completa | Código de barras | Visto por última vez | Precio de reemplazo | Tipo de ítem Koha |
|---|---|---|---|---|---|---|---|---|---|---|---|---|---|---|
| Biblioteca del Ateneo de Madrid | Biblioteca del Ateneo de Madrid | Depósito 2 | 17/01/2008 | L-19692 | 1012709 | 23/02/2023 | 23/02/2023 | Libro impreso |
